MARC details
| 000 -LÍDER |
| campo de controle de tamanho fixo |
01296nas a2200361 4500 |
| 001 - NÚMERO DE CONTROLE |
| campo de controle |
BR8705051 |
| 003 - IDENTIFICADOR DO NÚMERO DE CONTROLE |
| campo de controle |
BR-BrBNA |
| 005 - DATA E HORÁRIO DA ÚLTIMA TRANSAÇÃO |
| campo de controle |
20231205090743.0 |
| 007 - CAMPO FIXO DE DESCRIÇÃO FÍSICA--INFORMAÇÃO GERAL |
| campo de controle de tamanho fixo |
ta |
| 008 - CAMPO DE DADOS FIXOS--INFORMAÇÃO GERAL |
| campo de controle de tamanho fixo |
230509b bl.|||p| |||| 00| 00por d |
| 040 ## - FONTE DA CATALOGAÇÃO |
| Instituição da catalogação original |
BR-BrBNA |
| Idioma da catalogação |
por |
| Instituição que transcreveu o registro |
Biblioteca Nacional de Agricultura |
| 041 ## - CÓDIGO DE IDIOMA |
| Código do idioma do texto/trilha sonora ou título diferente |
(Pt) |
| 072 ## - CÓDIGO DE CATEGORIA DE ASSUNTO |
| Código de Categoria de Assunto |
F04; F61 |
| 100 1# - ENTRADA PRINCIPAL--NOME PESSOAL |
| Nome pessoal |
Saraiva, O.F. |
| 100 1# - ENTRADA PRINCIPAL--NOME PESSOAL |
| Nome pessoal |
Carvalho, M.M. de |
| 100 1# - ENTRADA PRINCIPAL--NOME PESSOAL |
| Nome pessoal |
Oliveira, F.T.T. de |
| 100 1# - ENTRADA PRINCIPAL--NOME PESSOAL |
| Nome pessoal |
Martins, C.E. |
| 245 1# - TÍTULO |
| Título |
Fatores nutricionais limitantes ao crescimento de forrageiras tropicais em dois solos da Zona da Mata, Minas Gerais, 2: podzolico vermelho-amarelo [capim gordura, Melinis minutiflora, centrosema, Centrosema pubescens] |
| 246 1# - FORMA VARIANTE DO TÍTULO |
| Título/título abreviado |
Nutritional factors limiting growth of tropical forage species in two soils from Zona da Mata, Minas Gerais, 2: red-yellow podzolic |
| 650 ## - ASSUNTO--TERMO TÓPICO |
| Cabeçalho tópico ou nome geográfico |
CAPIM GORDURA |
| 650 ## - ASSUNTO--TERMO TÓPICO |
| Cabeçalho tópico ou nome geográfico |
CENTROSEMA |
| 650 ## - ASSUNTO--TERMO TÓPICO |
| Cabeçalho tópico ou nome geográfico |
FOSFORO |
| 650 ## - ASSUNTO--TERMO TÓPICO |
| Cabeçalho tópico ou nome geográfico |
ENXOFRE |
| 650 ## - ASSUNTO--TERMO TÓPICO |
| Cabeçalho tópico ou nome geográfico |
NITROGENIO |
| 650 ## - ASSUNTO--TERMO TÓPICO |
| Cabeçalho tópico ou nome geográfico |
MOLIBDENIO |
| 650 ## - ASSUNTO--TERMO TÓPICO |
| Cabeçalho tópico ou nome geográfico |
ADUBACAO |
| 650 ## - ASSUNTO--TERMO TÓPICO |
| Cabeçalho tópico ou nome geográfico |
CRESCIMENTO |
| 650 ## - ASSUNTO--TERMO TÓPICO |
| Cabeçalho tópico ou nome geográfico |
MINAS GERAIS |
| 650 ## - ASSUNTO--TERMO TÓPICO |
| Cabeçalho tópico ou nome geográfico |
PODZOLICO VERMELHO AMARELO |
| 773 0# - ENTRADA ANALÍTICA |
| Título |
Pesquisa Agropecuaria Brasileira (Brazil) |
| ISSN - International Standard Serial Number |
ISSN 0100-204X |
| Partes relacionadas |
(Jul 1986), v. 21(7) p. 709-714 |
| Número de controle do registro |
BR8705051 |
| 909 ## - |
| -- |
202311 |
| -- |
Lúcia |
| -- |
55 |
| -- |
Lúcia Elande |
| 942 ## - ELEMENTOS DE ENTRADA ADICIONADOS (KOHA) |
| Fonte da classificação ou esquema de arquivamento na estante |
Classificação AGRIS |
| Ocultar no OPAC |
Não |
| Tipo de material Koha |
Analítica |